000 00526nam a2200181 i 4500
001 128468
003 ES-MaACL
005 20230906193307.0
007 t|
008 070514s1934 fr ||||1| fre d
100 1 _aTabouis, Geneviève R.
_9109039
245 1 0 _aSalomon, Roi d'Israël /
_cG.R. Tabouis ; preface de N. Politis.
260 _aParís :
_b[Mayenne Floch],
_c1934.
300 _a472 p. ;
_c23 cm.
600 1 4 _aSalomón
_cRey de Israel.
_9158274
700 1 _aPolitis, N.
_992833
852 _aES-MaACL
_jA-3126
999 _c128468
_d128468